Some Aspects of Chromosome Structure and Function : (Record no. 589197)

MARC details
000 -LEADER
fixed length control field 00532nam a2200193 a 4500
008 - FIXED-LENGTH DATA ELEMENTS--GENERAL INFORMATION
fixed length control field 250924s2002##################000#0#eng##
020 ## - INTERNATIONAL STANDARD BOOK NUMBER
ISBN 9780792370574
082 04 - DEWEY DECIMAL CLASSIFICATION NUMBER
Classification number 572.87
Item number SOB
100 1# - MAIN ENTRY--AUTHOR NAME
Personal name Sobti, R.C.,
245 10 - TITLE STATEMENT
Title Some Aspects of Chromosome Structure and Function :
260 ## - PUBLICATION, DISTRIBUTION, ETC. (IMPRINT)
Name of publisher Springer Science & Business Media,
Year of publication 2002.
300 ## - PHYSICAL DESCRIPTION
Number of Pages 266 pages
650 #0 - SUBJECT ADDED ENTRY--TOPICAL TERM
Topical Term Medical.
942 ## - ADDED ENTRY ELEMENTS (KOHA)
Koha item type English Books
Holdings
Withdrawn status Lost status Damaged status Not for loan Home library Current library Shelving location Date acquired Full call number Accession Number Price effective from Koha item type
        Anna Centenary Library Anna Centenary Library 5TH FLOOR, A WING 24.09.2025 572.87 SOB 317369 24.09.2025 English Books

Find us on the map